Doctrina pontificia. (Record no. 171148)

MARC details
000 -LEADER
campo de control de longitud fija 00841nam a2200229 i 4500
001 - NÚMERO DE CONTROL
campo de control 171148
003 - IDENTIFICADOR DE NÚMERO DE CONTROL
campo de control ES-MaACL
005 - FECHA Y HORA DE LA ÚLTIMA TRANSACCIÓN
campo de control 20250808062751.0
008 - DATOS DE LONGITUD FIJA--INFORMACIÓN GENERAL
campo de control de longitud fija 090430s1964 sp |||| | spa d
017 ## - NÚMERO DE COPYRIGHT O DE DEPÓSITO LEGAL
Número de copyright o de depósito legal M 6386-1964
245 00 - MENCIÓN DEL TÍTULO
Título Doctrina pontificia.
Número de parte o sección de la obra III,
Nombre de parte o sección de la obra Documentos sociales /
Mención de responsabilidad, etc. edición preparada por Federico Rodríguez ; traducción de los textos latinos e italianos de Carlos Humberto Núñez.
250 ## - MENCION DE EDICION
Mención de edición 2ª ed.
260 ## - PUBLICACIÓN, DISTRIBUCIÓN, ETC.
Lugar de publicación, distribución, etc. Madrid :
Nombre del editor, distribuidor, etc. La Editorial Católica,
Fecha de publicación, distribución, etc. 1964.
300 ## - DESCRIPCIÓN FÍSICA
Extensión XX, 1267 p. ;
Dimensiones 20 cm.
490 1# - MENCIÓN DE SERIE
Mención de serie Biblioteca de autores cristianos ;
Designación de volumen o secuencia 178
700 0# - ENTRADA AGREGADA--NOMBRE PERSONAL
Nombre de persona Rodríguez, Federico.
9 (RLIN) 98238
700 0# - ENTRADA AGREGADA--NOMBRE PERSONAL
Nombre de persona Núñez, Carlos Humberto.
9 (RLIN) 86143
700 0# - ENTRADA AGREGADA--NOMBRE PERSONAL
Nombre de persona Agudo, Venancio-Luis.
9 (RLIN) 18650
830 00 - PUNTO DE ACCESO ADICIONAL DE SERIE-TÍTULO UNIFORME
Título uniforme Biblioteca de autores cristianos
Designación de volumen o secuencia 178
9 (RLIN) 178679
852 1# - LOCALIZACIÓN
Ubicación BA
Número de control de estantería J-175
itemnumber R.46092
Holdings
Estatus retirado Estado de pérdida Estado de daño No para préstamo Biblioteca de origen Biblioteca actual Ubicación en estantería Fecha de adquisición Fuente de adquisición Total de préstamos Signatura topográfica completa Código de barras Visto por última vez Precio de reemplazo Tipo de ítem Koha
        Biblioteca del Ateneo de Madrid Biblioteca del Ateneo de Madrid Depósito 2 30/04/2009     J-175 1179613 23/02/2023 23/02/2023 Libro impreso